000 00696nam a2200181 i 4500
001 73767
003 ES-MaACL
005 20230906171922.0
007 t|
008 040910s1984 sp ||||1| spa d
100 0 _aGómez-Tabanera, José Manuel,
_d1926-2011
_958165
245 1 0 _aRealidad y leyenda de la Atlántida y su ubicación en el archipiélago canario
_b: II Congreso Ibero-Americano de Antropología, Las Palmas, 1983 /
_cJosé Manuel Gómez-Tabanera.
260 _a[Oviedo :
_bs.n.,
_c1984]
300 _a23 p. ;
_c22 cm.
711 2 _aCongreso Ibero-Americano de Antropología (
_n2º.
_d1983.
_cLas Palmas)
_9387
852 _aES-MaACL
_j2134-F-11
_bR.106890
999 _c73767
_d73767